000 00568nam a2200193 a 4500
001 000010408
005 20240412074218.0
008 091007s1955 sp 001 p spa d
040 _aDO-SdBNP
_bspa
_cBNPHU
082 _aRD861.42
_bL215p
100 1 _aLamarche, J. B.
_924007
245 1 0 _aPaisajes y cromos /
_cJ. B. Lamarche.
260 _aMadrid :
_bValera,
_c1955.
300 _a185 p. ;
_c20 cm.
500 _aIncluye datos biográficos del autor en la página 186
650 0 _aPoesía dominicana
_966
650 0 _aLiteratura dominicana.
_967
049 _aBNPD
999 _c10167
_d10167